[Event "UKR-ch"]
[Site "Ordzhonikidze"]
[Date "2001.09.15"]
[Round "8"]
[White "Kazakov, Mikhail"]
[Black "Sergeev, Vladimir"]
[Result "1-0"]
[WhiteElo "2496"]
[BlackElo "2498"]
[Annotator "Finkel,A"]
[PlyCount "119"]
[EventDate "2001.09.08"]
[EventType "swiss"]
[EventRounds "9"]
[EventCountry "UKR"]
[SourceTitle "CBM 086"]
[Source "ChessBase"]
[SourceDate "2002.02.05"]
[SourceVersion "1"]
[SourceVersionDate "2002.02.05"]
[SourceQuality "1"]

1. e4 Nf6 2. e5 Nd5 3. d4 d6 4. c4 Nb6 5. exd6 cxd6 $6 {Black's results in
this variation are disasterous and there is a very logical reason for
it-black's position is simply bad!} 6. Nc3 g6 7. Be3 Bg7 8. Rc1 O-O 9. b3 e6 {
An attempt to solve opening problems in original manner.} (9... a5 $6 10. Be2
Na6 11. Nf3 Bd7 12. O-O e6 13. Qd2 Nc8 14. Bh6 Ne7 15. Bxg7 Kxg7 16. Qf4 $14 {
Finkel,A-Nataf,I/Cannes 1996/EXT 98}) 10. Nf3 Bd7 (10... Nc6 11. Be2 d5 (11...
Ne7 12. O-O Bd7 13. Qd2 Nf5 14. Bg5 f6 15. Be3 Nxe3 16. Qxe3 $14 {Vrenegoor,
T-Barthel,A/Ruhrgebiet 1999/EXT 2001}) (11... Bd7 12. O-O (12. d5 $6 exd5 13.
cxd5 Ne7 14. Bd4 Bh6 15. Bf6 Rc8 $15 {Schmenger,F-Pribyl,J/Schwaebisch Gmuend
1998/CBM 62 ext}) 12... d5 13. c5 Nc8 14. Qd2 Re8 15. Rfd1 b6 16. Bh6 $14 {
Rubinetti,J-Schmid,L/Mar del Plata 1970/EXT 99}) (11... Re8 12. O-O Ne7 13. Bg5
f6 14. Be3 e5 15. d5 Nf5 16. Qd2 Nxe3 17. Qxe3 f5 $13 {Iafelice,V-Arcion,R/
Paderno del Grappa 2000/EXT 2001}) 12. c5 Nd7 13. Qd2 b6 14. cxb6 Nxb6 15. Bh6
Bxh6 16. Qxh6 Qf6 17. Nb5 Bd7 $11 {Dumont,S-Teixeira,R/Rio de Janeiro 1998/EXT
2000}) (10... N8d7 11. Be2 Nf6 12. h3 Bd7 13. d5 $2 exd5 14. cxd5 Rc8 15. O-O
Rxc3 16. Rxc3 Nbxd5 $15 {Kalisky,V-Konopka,M/Komarno 1997/EXT 98}) 11. Be2 Bc6
$5 12. O-O Bxf3 13. Bxf3 d5 14. cxd5 (14. c5 $2 N6d7 15. g4 Nc6 $15) 14... exd5
(14... Nxd5 $6 15. Nxd5 exd5 16. Rc5 $16 {[%csl Rd5]}) 15. a4 Nc6 16. Qd2 Qd7
17. Ne2 a5 $6 {[%csl Rb5] After this move square b5 becomes extremly weak.} (
17... Rac8 18. Nf4 Ne7 19. Nd3 Nf5 20. Nc5 Qe7 21. a5 Nd7 22. Bxd5 $14) (17...
Rfe8 $5) 18. Rc5 Rfc8 19. Rb5 $16 {Ideal position for white rook!} Qd8 20. Nf4
Nb4 21. Nd3 {Exchanging the only active piece of black!} Nxd3 (21... Rc2 $6 22.
Qd1 $16) (21... Nc6 22. Nc5 Rab8 23. Bg5 $1 Qc7 (23... f6 24. Ne6 Qd6 25. Nxg7
fxg5 26. Rxb6 Kxg7 27. Rb5 $16) 24. Bf4 Qd8 25. Bxb8 $18) 22. Qxd3 {[%csl Ra5]}
Ra6 23. Bd2 Rca8 24. Rc1 {[%cal Gb5c5,Gc5c7]} Bf8 25. Bf4 Bb4 (25... Bd6 26.
Qe3 Qf6 27. Bxd6 Qxd6 28. Rbc5 $16) 26. Rc7 Rc8 27. Rxb7 Qf6 (27... Rc3 28. Qe2
Rxb3 29. Qf1 $1 $18 {[%cal Gf4c7,Gb7b8]}) 28. g3 $18 {White won a pawn while
keeping all his advantages. Black's position is hopeless.} Qc6 29. Rb8 (29. Rc7
$1 Rxc7 30. Bxc7 Qxc7 31. Rxb4 $18) 29... Rxb8 30. Bxb8 Ra8 31. Bf4 h5 32. h4
Kg7 33. Bd2 Bxd2 34. Qxd2 Qf6 35. Kg2 Ra7 36. Qe3 $6 {Unnecesarily prolonging
a game! After} (36. Rxa5 Rxa5 37. Qxa5 Qxd4 38. Qb5 $18 {black could resign.})
36... Kf8 37. Qe5 Qxe5 38. dxe5 Nd7 39. Rxd5 Ke7 40. Be2 Nf8 41. Rb5 $6 (41. f4
$5) 41... Ne6 42. Bc4 Nd4 43. Rd5 Nc2 44. Kf3 Nb4 45. Rd6 Kf8 46. Ke4 Kg7 47.
f4 Rc7 48. Rd8 f5+ 49. Ke3 Nc2+ 50. Kd2 Nb4 51. e6 Kf6 52. Rf8+ Ke7 53. Rf7+
Kd6 54. Rxc7 Kxc7 55. e7 Kd7 56. Bf7 Kxe7 57. Bxg6 Kf6 58. Bxh5 Na6 59. Kc3 Nc5
60. Bf3 1-0

[Event "Nordic-ch VISA"]
[Site "Reykjavik"]
[Date "1997.10.16"]
[Round "8"]
[White "Stefansson, Hannes"]
[Black "Westerinen, Heikki MJ"]
[Result "0-1"]
[WhiteElo "2545"]
[BlackElo "2410"]
[Annotator "Finkel,A"]
[PlyCount "116"]
[EventDate "1997.10.08"]
[EventType "tourn"]
[EventRounds "13"]
[EventCountry "ISL"]
[EventCategory "10"]
[SourceTitle "CBM 062"]
[Source "ChessBase"]
[SourceDate "1998.01.31"]
[SourceVersion "1"]
[SourceVersionDate "1998.01.31"]
[SourceQuality "1"]

1. e4 Nf6 2. e5 Nd5 3. d4 Nb6 $6 {Dubious variation quiet oftenly played by
Westerinen and strangely enough not without success!} 4. a4 (4. Nf3 $5 d5 5.
Bd3 Bg4 6. h3 Bxf3 7. Qxf3 e6 8. O-O c5 9. c3 $14 {Bjarnason,S-Westerinen,H/
5th Nordic GP, Torshavn FAI 1997 (17)}) 4... a5 5. Nf3 (5. Bd3 d5 6. Ne2) (5.
Bb5 $5 c6 6. Bd3 d5 (6... g6 7. Bf4 Na6 8. c3 Nc7 9. Nf3 Ne6 10. Bc1 (10. Bg3
$5 $14) 10... Bg7 11. O-O O-O 12. c4 d5 $1 $132 {Brustman,A-Frometa,Z/Tuzla
iztW 1987 (52)}) 7. Bg5 $5 g6 8. h4 h6 9. Be3 Bg7 10. Nd2 Na6 11. c3 Be6 12.
Nh3 $1 $36 {Tal,M-Lutikov,A/SSSR-ch 1969 (32)}) 5... d5 6. Bd3 (6. Be2 Bf5 7.
O-O e6 8. b3 Na6 9. Na3 Be7 10. Bd2 Nb4 11. Bb5+ c6 12. Be2 O-O 13. c3 Na6 $13
{Sariego,W-Arencibia,W/Linares NL 1992 (28)}) 6... Bg4 7. h3 Bxf3 8. Qxf3 e6 9.
Qg3 c5 10. dxc5 N6d7 11. Nc3 Nxc5 $5 (11... Nc6 12. Nb5 $5 Ndxe5 13. Bf4 f6 14.
O-O-O $1 Qd7 {/\ Bc5, 0-0} 15. Be3 Rc8 16. Be2 {/\ f4} Qf7 17. f4 Nd7 18. Rhe1
$36 {Benjamin,J-Alburt,L/New York (open) 1990 (35)}) 12. Nb5 $6 {Quiet
unexpected move,but not a very good one.White gives up a bishop and loses an
opportunity to castle just for nothing!Deserved attention} (12. O-O $5 Nxd3 (
12... Nc6 13. Nb5 Rc8 14. Bf4 Nxd3 15. cxd3 Qb6 16. Nd6+ $1 Bxd6 17. Qxg7 Bxe5
18. Bxe5 Rf8 19. Rac1 $16) 13. cxd3 Nc6 14. Nb5 Qb6 15. Bd2 Rc8 16. Rfc1 Rg8
17. Be3 Qd8 18. b3 $16 {with significient advantage.}) 12... Nxd3+ 13. cxd3
Bb4+ 14. Kf1 Kf8 15. h4 $5 {[%csl Rg7][%cal Gh4h5,Gh1h4,Gh4g4] After white's
inaccuracy in the opening arised position with mutual chances.The last move of
white shows that he still thinks about opening advantage and tries to develope
initiative on the kingside.} Nc6 16. h5 h6 17. Rh4 Ne7 18. Rf4 Qd7 $132 {
White pieces lack coordination and this makes black's chances quiet reasonable
in forthcoming struggle.} (18... Nf5 $6 19. Qf3 Qe7 20. Nc3 Rd8 21. Nxd5 $5 (
21. g4 $5) 21... Rxd5 22. Rxf5 Qd7 $1 23. Rf4 Rxe5 24. Be3 $1 $36 Qxd3+ $6 25.
Kg1 Qd7 26. Rd1 Rd5 27. Rxd5 exd5 28. Rf5 $16) 19. Nd4 Rc8 $6 {Inaccuracy,
which could cuase black a lot of troubles.} (19... Bc5 $1 20. Be3 Bxd4 21. Bxd4
Nf5 $5 (21... Rc8 $5) 22. Qf3 (22. Rxf5 $6 exf5 23. Qxg7+ $1 Kxg7 24. e6+ Kh7
25. exd7 Rhd8 $15) 22... Nxd4 23. Rxd4 Rc8 24. b4 $13) 20. Be3 Nc6 $2 (20...
Bc5 $6 21. Qf3 Nc6 22. Nxe6+ $1 Qxe6 23. Bxc5+ Kg8 24. Bd6 $1 Nxe5 25. Bxe5
Qxe5 26. Rxf7 $16) (20... Rh7 $5 $14) 21. Nf3 $2 {Refusing to take the gift!} (
21. Nxc6 $1 Rxc6 (21... Qxc6 22. Rg4 (22. Rc1 $6 Qd7 23. Rxc8+ Qxc8 24. Kg1 $14
) 22... Qc2 (22... Rh7 23. Rxg7 $1 Rxg7 24. Bxh6 $18) 23. Rxg7 Qxb2 24. Rxf7+
$1 Kxf7 25. Qg6+ Kf8 26. Qf6+ Kg8 27. Qxe6+ Kg7 28. Qd7+ $18) 22. Rg4 $1 Rc2
23. Rxg7 Bd2 24. Kg1 $1 $16) 21... Kg8 $1 $13 22. Rg4 Bf8 23. Bb6 $5 {At least
taking a pawn.} Kh7 24. Nd2 Ne7 $5 25. Bxa5 Nf5 26. Qf3 Be7 {Inspite of the
fact that black is a pawn down his chances should be estimated as equal.} 27.
Nb3 Rhf8 28. Bc3 $1 (28. Nd4 $6 Nxd4 29. Rxd4 f6 30. Rf4 fxe5 31. Rxf8 Rxf8 $15
) 28... f6 29. Qe2 fxe5 30. Bxe5 Bf6 31. Kg1 (31. Re1 $5 Bxe5 32. Qxe5 Qf7 33.
Kg1 Qxh5 34. Rf4 Rf6 35. Nd4 Rg6 36. Nxe6 Qh3 $36) 31... Qf7 $6 (31... Bxe5 32.
Qxe5 Qf7 $44) 32. Rf4 $6 (32. Bxf6 $5 gxf6 33. Rb4 (33. Nd4 $6 Qxh5 34. Nxe6
Rg8 $1 $36 {[%cal Gh5e2,Gg8g1]}) 33... Rg8 34. Rc1 Rxc1+ 35. Nxc1 $14) 32...
Bxe5 33. Qxe5 Qxh5 34. Qxe6 $2 {Dangerous decision giving the initiative into
black's hands.} (34. Nd4 $1 Rce8 35. Rc1 $1 Qg6 36. Nxf5 Rxf5 37. Rxf5 Qxf5 38.
Qxf5+ exf5 39. Kf1 $1 $14) 34... Qg5 $1 35. Rf3 (35. Rb4 $2 Rc2 $1 $40 {
[%csl Rf2]} 36. Qxd5 (36. Rf1 Ng3 $1 37. fxg3 Qxg3 $19) 36... Rxf2 $1 37. Qe4
Rxb2 38. Rxb7 Re8 $1 $19) 35... Rce8 36. Qd7 $6 (36. Qxd5 Nh4 37. Qxg5 Nxf3+
38. gxf3 hxg5 $15) (36. Qb6 $5 Rf6 37. Qc7 Re2 $36) 36... Re7 37. Qb5 $6 (37.
Qxd5 Nh4 38. Qxg5 Nxf3+ 39. gxf3 hxg5 $15) 37... Nd6 $1 $17 38. Rxf8 Nxb5 39.
axb5 Qe5 (39... Re2 $1 $19) 40. d4 Qe2 41. Rf3 Qxb5 $19 {The technical part is
not so difficult:black combines threats against white king with play against
weak pawns and white is defenseless.} 42. Ra5 Re1+ 43. Kh2 Qd7 44. Ra1 Qc7+ 45.
g3 Re2 46. Nc5 (46. Ra5 Qc2 47. Kg2 Qe4 48. Rb5 Re1 $1 49. Rxb7 Qe2 50. Rff7 (
50. Re3 Qf1+ 51. Kf3 Rxe3+ 52. Kxe3 Qe1+ 53. Kd3 Qxf2 $19) 50... Qf1+ 51. Kf3
Qh1+ 52. Kg4 Qe4+ $19) 46... Qb6 (46... Rxb2 $5) 47. b3 Qb4 $1 48. Ra4 Qe1 49.
Kg2 Qb1 50. Rb4 Re1 51. Re3 Rg1+ 52. Kf3 Qf5+ 53. Ke2 Qh5+ 54. Rf3 Rc1 55. Nd3
Rc2+ 56. Ke3 Qg5+ 57. Nf4 Qe7+ 58. Kd3 Qe4# 0-1

[Event "EU-ch 5th"]
[Site "Antalya"]
[Date "2004.05.21"]
[Round "6"]
[White "Naiditsch, Arkadij"]
[Black "Grunberg, Mihai Lucian"]
[Result "1/2-1/2"]
[WhiteElo "2571"]
[BlackElo "2401"]
[Annotator "Finkel,A"]
[PlyCount "141"]
[EventDate "2004.05.15"]
[EventType "swiss"]
[EventRounds "13"]
[EventCountry "TUR"]
[SourceTitle "CBM 101"]
[Source "ChessBase"]
[SourceDate "2004.07.27"]
[SourceVersion "1"]
[SourceVersionDate "2004.07.27"]
[SourceQuality "1"]

1. e4 Nf6 2. e5 Nd5 3. d4 d6 4. c4 Nb6 5. exd6 {This continuation is quite
popular lately.} cxd6 (5... exd6) 6. Nc3 g6 7. Be3 Bg7 8. Rc1 O-O 9. b3 e5 (
9... Nc6 10. d5 Ne5 11. Be2 $14) 10. dxe5 dxe5 11. Qxd8 Rxd8 12. c5 N6d7 13.
Bc4 Nc6 14. Nf3 {This is a well-known theoretical position. At the first-hand
look white's chances seem to be preferrable due to better development and
certain advantage in space, but black succeeded in finding a few ways to get
sufficient counterchances.} (14. Ne4 Nf8 15. Nd6 Ne6 16. Nf3 Ncd4 17. Ng5 Nxg5
18. Bxg5 Rd7 $13 {Yagupov,I-Ukolov,A/Moscow-ch 1996}) 14... Na5 (14... h6 15.
Ne4 Nf8 (15... Na5 16. Bd5 Nf6 17. Nxf6+ Bxf6 18. Rd1 Kg7 19. O-O Re8 20. Nd2
$14 {Finkel,A-Drazic,S/Nova Gorica op 1997}) 16. Nd6 Rd7 17. O-O Re7 18. Nxc8
Rxc8 19. Rfd1 Kh7 $132 {Gross,D-Bagirov,V/Berliner Sommer 1996}) (14... Nd4 15.
Ng5 (15. Ne4 $6 Nxf3+ 16. gxf3 Nf8 17. Nd6 Ne6 18. Bxe6 fxe6 $13 {Hjelm,
N-Todorovic,G/Budapest FS08 IM-B 1995}) 15... Rf8 16. Nce4 Nf5 17. Nxf7 $5 (17.
O-O Nf6 18. Nd6 Nxd6 19. cxd6 Bd7 20. a4 Bc6 21. Rfd1 a6 22. f3 $14 {
Dzindzichashvili,R-Alburt,L/USA-ch 1996}) 17... Rxf7 18. Ng5 Nh6 19. Ne6 Nf8
20. Nxg7 $14 {Olsson,K-Zetterberg,S/SWE-chB 1995}) 15. Be2 (15. Bg5 $6 Rf8 16.
Be7 Nxc4 17. Bxf8 Kxf8 18. bxc4 Nxc5 19. O-O Bf5 (19... e4 $5 20. Ng5 Nd3 21.
Ncxe4 $2 Nxc1 22. Rxc1 h6 23. Nf3 Bd7 $17 {Honfi,K-Varga,Z/Budapest 1995}) 20.
Rfd1 Bd3 21. Ne1 e4 22. Nxd3 Nxd3 23. Rc2 Nb4 24. Rcc1 Nd3 {1/2-1/2 Kristensen,
L-Kristiansen,J/Esbjerg 1996/EXT 98 (24)}) (15. O-O Nxc4 16. bxc4 Nf8 17. Nd5
Ne6 18. Rb1 h6 19. Rfe1 Kf8 $13 {Holmsten,A-Kiik,K/Finland 2002/EXT 2004})
15... b6 {This move is the latest fashion.} (15... Nf8 16. O-O Nc6 17. Rfd1 Bf5
18. Nb5 Ne6 19. Nd6 $14 {Mitkov,N-Dischinger,F/Sitges 1997}) (15... h6 16. O-O
Nf8 17. Ne4 Nc6 18. Nd6 Rb8 19. a3 f5 20. Rfd1 Be6 21. b4 $14 {Hunt,H-Schnabel,
R/Oxford 1998}) (15... Nc6 16. Nb5 Nf8 17. Nd6 Ne6 18. Bc4 Ncd4 19. Ng5 Nxg5
20. Bxg5 Rd7 21. O-O $14 {Mitkov,N-Toth,C/Rio de Janeiro 2000}) 16. O-O $6 {
This move promises nothing to white. In my opinion both 16.Na4 and 16.a:b6 are
more dangerous for black.} (16. cxb6 Nxb6 ({Worse is} 16... axb6 $6 17. Nd5 $1
Rb8 18. b4 Bb7 19. Nxb6 Nc6 (19... Bxf3 $6 20. Nxd7 $1 Rxd7 21. Bxf3 Rxb4 22.
Rc8+ Bf8 23. Rxf8+ Kxf8 24. Bc5+ $18) 20. Nxd7 Rxd7 21. a3 $16 {and white is a
pawn up.}) 17. Nb5 Bb7 18. O-O Nd5 19. Rfd1 Nc6 $6 20. Rxd5 $1 Rxd5 21. Nc7
Rdd8 22. Nxa8 Bxa8 23. Bb5 $1 $14 {Varga,Z-Llanos,G/Budapest 1999}) ({Nothing
special promises} 16. b4 Nc6 17. b5 Nd4 18. c6 Nc5 19. O-O a6 $132 {and black
has sufficient counterchanses.}) (16. Na4 $5 bxc5 17. O-O c4 18. b4 Nc6 19.
Bxc4 Nxb4 20. a3 Na6 21. Ng5 Rf8 22. Bd5 $16 {Kiik,K-Hautala,R/Tampere 2000})
16... bxc5 17. Ne4 Nc6 18. Bg5 (18. Nxc5 {is harmless for black due to the
following line:} Nxc5 19. Rxc5 Bb7 (19... Nd4 20. Nxd4 (20. Bd1 Ne6) 20... exd4
21. Bg5 Re8 22. Bd3 Be6 23. Rfc1 $14) 20. Bb5 Rac8 21. Rfc1 Nd4 22. Rxc8 Rxc8
23. Rxc8+ Bxc8 24. Nxd4 exd4 25. Bd2 Bf5 $11) 18... f6 19. Bc4+ Kf8 20. Bd5 Bb7
21. Be3 Na5 $1 {An important defensive resourse.} 22. Rfd1 Bxd5 23. Rxd5 Nb7
24. b4 (24. Nxc5 Ndxc5 25. Bxc5+ Nxc5 26. Rdxc5 e4 $15) 24... cxb4 25. Rb5 (25.
Rc7 $2 Nb6 26. Rxd8+ Rxd8 $17 {[%csl Rg1]}) 25... Nb6 26. Bxb6 axb6 27. Rxb6
Rdc8 28. Rxc8+ Rxc8 29. h4 Nc5 $1 {It's obvious that black's chances are at
least equal.} (29... Nd8 30. Nxf6 Rc1+ 31. Kh2 Bxf6 32. Rxf6+ Ke7 33. Rb6 Nc6
34. Rb7+ Kd6 35. Rxh7 Rc2 36. Rg7 Rxa2 37. Rxg6+ Kd5 $13) 30. Nxf6 Bxf6 31.
Rxf6+ Ke7 32. Rb6 Nd3 $44 33. Rb7+ Kf6 34. Ng5 e4 (34... Kf5 $5 35. Rxh7 Kg4
36. f3+ Kf4 37. Kh2 Rc2 $44 {[%cal Gd3e1]}) 35. Nxe4+ Ke5 36. Ng5 (36. Re7+ Kd4
37. Nf6 Ra8 (37... Rc2 $2 38. Rd7+) 38. Re4+ Kc5 39. Re2 $13) 36... Rc1+ 37.
Kh2 Rc2 38. Re7+ $6 {Forcing black king to get closer to the b-pawn.} Kd6 39.
Rxh7 Rxa2 40. Rh6 Ne5 41. f3 Kd5 42. Rh7 b3 43. Rb7 Kc4 (43... b2 44. Kg3 Nd3
45. Ne4 Kd4 $5 (45... Kc6 46. Rb8 Ra1 47. Nf2 Nxf2 48. Rxb2 Nd3 49. Rd2 $11)
46. Nd2 Ra4 $17) 44. Kg3 Nd3 45. Ne4 b2 46. Rc7+ Kd4 47. Rd7+ Ke3 48. Nc3 Ra1
49. Rb7 Rc1 (49... Kd4 $1 50. Nb5+ Kc4 51. Nd6+ Kc5 52. Ne4+ Kc6 $19) 50. Re7+
Kd2 (50... Kd4 51. Nb5+ Kc5 52. Na3 Ra1 $19) 51. Ne4+ Kd1 52. Rb7 Rc4 $2 (52...
Ke2 $1 {[%cal Ge2e3,Gb2b1]}) 53. Nf2+ $2 Nxf2 54. Rxb2 Nd3 55. Rb6 Ne5 56. Re6
Rc5 57. Kf4 Nd3+ 58. Ke3 Kc2 59. Rxg6 Re5+ 60. Kd4 Re2 61. g3 (61. g4 Ne5 62.
Rf6 Kd2 63. Rf5 Nc6+ 64. Kc5 $16) 61... Ne1 62. Rf6 (62. f4 $5) 62... Kd2 63.
f4 Nc2+ 64. Kd5 $6 (64. Kc5) 64... Ne3+ 65. Kc5 Rg2 $11 66. Rg6 Kd3 67. h5 Rh2
68. Rg5 Ke4 $11 69. Kd6 Nf5+ 70. Ke6 Rxh5 71. Rxh5 1/2-1/2

[Event "Maroczy Memorial"]
[Site "Szeged"]
[Date "1997.11.14"]
[Round "1"]
[White "Zhang, Zhong"]
[Black "Miles, Anthony John"]
[Result "1/2-1/2"]
[WhiteElo "2475"]
[BlackElo "2595"]
[Annotator "Finkel,A"]
[PlyCount "40"]
[EventDate "1997.11.14"]
[EventType "tourn"]
[EventRounds "9"]
[EventCountry "HUN"]
[EventCategory "13"]
[SourceTitle "CBM 062"]
[Source "ChessBase"]
[SourceDate "1998.01.31"]
[SourceVersion "1"]
[SourceVersionDate "1998.01.31"]
[SourceQuality "1"]

1. e4 Nf6 2. e5 Nd5 3. d4 d6 4. c4 Nb6 5. exd6 exd6 6. Nc3 Nc6 (6... Be7 7. Be3
Nc6 8. Qf3 O-O 9. O-O-O Be6 $5 10. b3 a5 11. a4 d5 12. c5 Nc8 $1 (12... Nd7 $2
13. Nxd5 Nf6 14. Nxf6+ Bxf6 15. d5 $18) 13. Nge2 Bg5 14. Kb2 Nb4 15. h4 $2 (15.
Nf4 $15) 15... Bxe3 16. fxe3 Qd7 17. h5 Bg4 18. Qf4 Ra6 $1 19. Rh4 Bf5 20. Ng3
Rf6 21. Nxf5 Qxf5 22. Qxf5 Rxf5 $17 {=/+ Chernyshov,K-Zelcic,R/Djakovo 1994})
7. Nf3 Bg4 (7... Bf5 8. Be3 Be7 9. Rc1 Bf6 10. Be2 O-O 11. O-O Re8 12. Re1 Qd7
13. b3 $14 {Meier,U-Schmidt,A/Klinge-U17 1993 (21)}) 8. Be3 (8. Be2 Be7 9. d5
$5 Bxf3 10. Bxf3 Ne5 11. Be2 O-O 12. b3 Bf6 13. Bb2 a5 14. O-O $14 {Emms,
J-Baburin,A/Monarch Assurance, Port Erin ENG 1997/1/2-1/2 (41)}) 8... Be7 9. h3
(9. b3 O-O 10. Be2 (10. h3 $5) 10... Re8 11. Qd2 Bf6 12. O-O d5 13. c5 Nc8 14.
h3 Be6 $1 15. b4 a6 (15... N8e7 $5 16. b5 (16. g4 $5) 16... Na5 17. Nxd5 $6
Nxd5 18. Qxa5 Nxe3 19. fxe3 Bd5 20. Qc3 Qe7 $132) 16. b5 $6 (16. Rab1 Bf5 17.
Rb2 Be4 $5 $132) 16... axb5 17. Nxb5 Na5 18. Bf4 $13 {Djurhuus,R-Tisdall,J/
Gausdal Eikrem 1996 (44)}) 9... Bh5 10. Rc1 O-O 11. b3 (11. d5 $6 Ne5 12. g4
Nxf3+ 13. Qxf3 Bg6 14. Be2 Bg5 15. O-O Bxe3 16. Qxe3 f5 $36) (11. g4 $5 Bg6 12.
d5 (12. h4 $6 f5 13. h5 Be8 14. gxf5 Rxf5 15. h6 Bh5 $1 16. Be2 g6 $15) 12...
Ne5 $1 (12... Nb8 13. h4 Bf6 $6 (13... f5 $2 14. Nd4 $1 $16) (13... h6 14. g5
$1 h5 15. Bd3 $5 c6 16. Nd4 $1 (16. Bxg6 fxg6 17. Nd4 $6 Nxc4 $1 18. Ne6 Nxe3
19. fxe3 Qb6 $36) 16... Bxd3 (16... Re8 17. Ne6 Qd7 18. Bxg6 fxg6 19. Qd3 Kh7
20. f4 $1 $40) 17. Qxd3 g6 $2 18. Ne6 $1 fxe6 19. Qxg6+ Kh8 20. Qxh5+ Kg8 21.
g6 $18) 14. h5 Bxc3+ 15. Rxc3 Be4 16. h6 Bxf3 17. Qxf3 g6 18. Bd4 $36 {[%cal
Gd4h8]}) 13. Nxe5 dxe5 14. c5 Nd7 15. d6 cxd6 16. cxd6 Bg5 17. Qd2 Bxe3 18.
Qxe3 Qb6 19. Qxb6 Nxb6 $11) 11... Re8 12. g4 Bh4 $6 {[%cal Gh4e1,Ge8e1] Just
loosing a tempo.Better was 12...Bg6 immediatly.} 13. Qd2 $5 (13. Nxh4 $5 Qxh4
14. Kd2 $1 Bg6 15. Bg2 Rad8 (15... Qf6 $6 16. Qf3 Qxf3 17. Bxf3 $14) 16. Qf3
Rd7 $13) 13... Bg6 14. Bg2 Bf6 15. O-O h6 16. Ne2 $6 ({Missing interesting
opportunity to fight for the advantage.Very serious attention deserved} 16. Ne1
$5 {[%cal Gf2f5]} Qe7 17. Nc2 Rad8 18. Rce1 Qd7 19. d5 Ne5 20. Bxb6 $1 axb6 21.
Ne4 Bh4 22. Re3 f5 23. gxf5 $14 {with complicated position where white's
chances are slightly better.}) 16... d5 17. c5 Nd7 18. b4 a6 19. Ng3 Nf8 $1 20.
Qc3 Ne6 $13 1/2-1/2

[Event "Ter Apel"]
[Site "Ter Apel"]
[Date "1993.??.??"]
[Round "1"]
[White "Van der Wiel, John"]
[Black "Vaganian, Rafael A"]
[Result "0-1"]
[WhiteElo "2555"]
[BlackElo "2615"]
[Annotator "Ftacnik,L"]
[PlyCount "54"]
[EventDate "1993.03.??"]
[EventType "tourn"]
[EventRounds "5"]
[EventCountry "NED"]
[EventCategory "14"]
[SourceTitle "CBM 035"]
[Source "ChessBase"]
[SourceDate "1993.08.01"]
[SourceVersion "1"]
[SourceVersionDate "1993.08.01"]
[SourceQuality "1"]

1. e4 Nf6 2. e5 Nd5 3. d4 d6 4. c4 Nb6 5. f4 dxe5 6. fxe5 Nc6 7. Be3 Bf5 8. Nc3
e6 9. Nf3 Bg4 10. Be2 Bxf3 (10... Qd7 11. Qd2) 11. gxf3 Qd7 $5 (11... Qh4+ 12.
Bf2 Qf4 13. c5 $16) 12. f4 $2 (12. Qd2 $14) 12... Rd8 13. d5 Bb4 $1 14. Bxb6 (
14. dxc6 Qxc6 $19) 14... axb6 15. Bf3 exd5 16. cxd5 Qh3 $1 $17 17. Ke2 O-O 18.
Qd3 (18. Ne4 Bc5 $1 $17) (18. Nb5 Rfe8 $1 $40) 18... Ne7 19. Qc4 Bxc3 20. bxc3
b5 $1 21. Qxb5 c6 22. dxc6 (22. Qxb7 Nxd5 $19) 22... bxc6 23. Qc4 Ng6 24. Rag1
Qf5 25. Rg4 Qc2+ 26. Ke3 (26. Kf1 Rd1+ 27. Bxd1 Qxd1+ 28. Kg2 Qxg4+ $19) 26...
Qd2+ 27. Ke4 Rd5 0-1

[Event "EU-Cup 01st final"]
[Site "Solingen"]
[Date "1976.05.08"]
[Round "4.1"]
[White "Kurajica, Bojan"]
[Black "Alburt, Lev O"]
[Result "1-0"]
[WhiteElo "2525"]
[BlackElo "2520"]
[Annotator "Hecht,H"]
[PlyCount "83"]
[EventDate "1976.05.08"]
[EventType "team-match"]
[EventRounds "3"]
[EventCountry "GER"]
[SourceTitle "MCD"]
[Source "ChessBase"]
[SourceDate "1999.07.01"]
[SourceVersion "1"]
[SourceVersionDate "1999.07.01"]
[SourceQuality "1"]
[WhiteTeam "Solingen SG"]
[BlackTeam "Burevestnik"]
[WhiteTeamCountry "GER"]
[BlackTeamCountry "URS"]

{Kurajica wendet erneut seine spezielle Methode gegen die
Aljechin-Verteidigung an, um die ausgetretenen theoretischen Pfade zu
vermeiden. Weil er später seine Zentrumsbauern nicht aktivieren kann,
erscheint das gespielte 11... d5 in Verbindung mit b6 zweifelhaft und ist
besser durch 11... S8d7 gefolgt von Sf6 und ggfs. Sbd7 zu ersetzen. Kurajica
gewinnt immer mehr Einfluß auf dem ganzen Brett und schnürt Alburt dermaßen
ein, dass jener den Angriff über die h-Linie schließlich nicht mehr parieren
kann. Viel Applaus, als der Vorhang sich senkt.} 1. e4 Nf6 2. e5 Nd5 3. d4 d6
4. c4 Nb6 5. exd6 cxd6 6. Nc3 Bf5 7. Bd3 Bg6 8. Nge2 e6 9. O-O Be7 10. b3 O-O
11. Be3 d5 12. c5 Nc8 13. f4 Nc6 14. a3 b6 15. b4 bxc5 16. dxc5 Bf6 17. Bxg6
hxg6 18. Nd4 N8e7 19. Nce2 Nxd4 20. Nxd4 Nf5 21. Bf2 Qc7 {[#]} 22. g4 Ne7 23.
Qd2 a6 24. Rab1 Qd7 25. Nf3 Nc6 26. g5 Bd8 27. Ne5 Nxe5 28. fxe5 Qa4 29. Qe3
Rb8 30. Rfd1 Rb7 31. Rd4 Qc6 32. Re1 Re8 33. Rh4 a5 34. Rf1 axb4 35. axb4 Ra7
36. Be1 Ra1 37. Qh3 Kf8 38. Rh8+ Ke7 39. Qf3 f5 40. gxf6+ gxf6 41. Rh7+ Kf8 42.
Qh3 1-0